Encyclopédie des sciences philosophiques

Saved in:
Bibliographic Details
Main Author: Hegel, Georg Wilhelm Friedrich (autor)
Format: Book
Language:French
Published: París J. Vrin 1979
Edition:2a. ed
Series:Bibliothèque des Textes Philosophiques
Subjects:
Tags: Add Tag
No Tags, Be the first to tag this record!

MARC

LEADER 00000nam a2200000 a 4500
001 UCZ2746
003 CL-VaPUC
008 951006e19790000FR |||||||||||||||||fre|d
082 0 4 |a 103  |b HEG  |2 21 
100 |a Hegel, Georg Wilhelm Friedrich  |e autor  |9 580639 
245 1 0 |a Encyclopédie des sciences philosophiques 
250 |a 2a. ed 
300 |a v 
942 |c BK 
945 |d 19951006 00:00:00  |a cmena 
260 |a París  |b J. Vrin  |c 1979 
500 |a v.1: La science de la logique 
650 0 |a Filosofía   |9 223554 
650 0 |a Ciencia  |9 255691 
650 0 |a Enciclopedias  |9 264135 
650 0 |a Lógica  |9 256849 
650 0 |a Idealismo  |9 265685 
650 0 |a Razón   |9 314475 
650 7 |a SER  |2 CL-VaPUC  |9 320176 
650 0 |a Metafísica  |9 265649 
650 0 |a Empirismo  |9 255037 
583 |a last modification  |c 19951006 00:00:00  |k Rodrigo Vera 
490 0 |a Bibliothèque des Textes Philosophiques 
999 |c 239301  |d 239299 
952 |0 0  |1 0  |4 0  |6 103_000000000000000_HEG_1979  |7 0  |8 P  |9 250346  |a BIBEDU  |b BIBEDU  |c BIBEDU_PB  |d 2019-11-18  |h v.1  |i 1581392  |o 103 HEG 1979  |p 1581392  |r 2024-01-25  |w 2019-11-18  |y BK  |k FIL